000 00329nam a2200133Ia 4500
008 220217s9999||||xx |||||||||||||| ||und||
082 _a621.381 5 GOD
100 _aEFY enterprises
245 0 _aElectronic projects
250 _a1st
260 _aEFY enterprises
_bNew Delhi
_c2000
300 _b95
650 _aCIRCUITRY
999 _c168628
_d168628